Bulls & bears : a strategic guide to the world of stocks and share
| Main Author: | |
|---|---|
| Format: | Book |
| Published: |
Petaling Jaya :
Pelanduk Publications ,
1992
|
| Subjects: |
MARC
| LEADER | 00000cam a2200000 7i4500 | ||
|---|---|---|---|
| 001 | 0000005262 | ||
| 002 | 000005685 | ||
| 005 | 20000330.0 | ||
| 020 | |a 9679783839 | ||
| 090 | 0 | 0 | |a 332.6322 |b AND |
| 100 | 1 | |a Anderson, C.E.M | |
| 245 | 1 | 0 | |a Bulls & bears : |b a strategic guide to the world of stocks and share |c C.E.M Anderson |
| 260 | |a Petaling Jaya : |b Pelanduk Publications , |c 1992 | ||
| 300 | |a 200p. ; |c 21cm. | ||
| 650 | 0 | 0 | |a Stocks |
| 999 | |a 037700 |b BUKU |c PINJAMAN |e PERPUSTAKAAN KOMUNITI PETALING JAYA | ||
| 999 | |a 042589 |b BUKU |c PINJAMAN |e PERPUSTAKAAN KOMUNITI PETALING JAYA | ||